00622nam a2200181Ia 4500008004100000020002200041050001500063100001900078240002300097245007400120250000700194260003100201300001800232650001300250700005600263952010400319999001700423120626s9999 xx 000 0 und d a978-970-830-021-6 aHQ21 C7618 aCROOKS, Robert aNuestra Sexualidad aNuestra Sexualidad / Robert Crooks, Karla Baur; tr.Lorena Campa Rojas a10 aMéxico: Cengage Learning aXXXIV, 517 p. a1.- SEXO aBAUR, KARLA coaut. II.- CAMPA ROJAS, LORENA, tr.Ì 00104070a09b09d2011-03-07l3oHQ21 C7618p09 004017r2024-02-16s2015-03-03t1w2012-06-26yLB c64794d64794